Slovakia’s Changing Position Among Economies of the European Union and the World
Ekonomická konvergencia bola počas krátkej histórie Slovenska ako samostatného štátu stredobodom pozornosti politikov a verejných činiteľov. Aj po členstve v mnohých významných medzinárodných organizáciách (napr. Európska únia, OECD, NATO) sa slovenský diskurz stále zameriava na porovnávanie s kraji...
Gespeichert in:
| 1. Verfasser: | |
|---|---|
| Format: | Buchkapitel |
| Sprache: | Englisch |
| Schlagworte: | |
| Tags: |
Keine Tags, Fügen Sie das erste Tag hinzu!
|
MARC
| LEADER | 00000naa$a2200000$$$4500 | ||
|---|---|---|---|
| 001 | 0306968 | ||
| 005 | 20250214085955.5 | ||
| 041 | 0 | |a eng | |
| 044 | |a GB | ||
| 245 | 1 | 0 | |a Slovakia’s Changing Position Among Economies of the European Union and the World |c Natália Zagoršeková |
| 520 | |a Ekonomická konvergencia bola počas krátkej histórie Slovenska ako samostatného štátu stredobodom pozornosti politikov a verejných činiteľov. Aj po členstve v mnohých významných medzinárodných organizáciách (napr. Európska únia, OECD, NATO) sa slovenský diskurz stále zameriava na porovnávanie s krajinami Vyšehradskej štvorky alebo s tzv. novými členskými štátmi EÚ. V tejto kapitole na základe niekoľkých rebríčkov relevantných ekonomických ukazovateľov popisujeme vývoj postavenia Slovenska v globálnom meradle (Index globálnej konkurencieschopnosti, Ľahkosť podnikania, HDP p. c.) alebo konkrétne medzi členskými štátmi EÚ (konvergencia k priemeru EÚ vo vybraných ukazovateľoch). Tieto zmeny vysvetľujeme aj v súvislosti so špecifickým vývojom slovenskej ekonomiky. | ||
| 610 | 2 | 0 | |a ekonomika |
| 610 | 2 | 0 | |a organizácia |
| 610 | 2 | 0 | |a Európska únia |
| 610 | 2 | 0 | |a obchod medzinárodný |
| 610 | 2 | 0 | |a politika devízová |
| 610 | 2 | 0 | |a investície |
| 100 | 1 | |a Zagoršeková, Natália, 1991- | |